Central Library OPAC University of Rajshahi

Goldsworthy Lowes Dickinson / (Record no. 19696)

MARC details
000 -LEADER
fixed length control field 00819nam a22002652i 4500
001 - CONTROL NUMBER
control field 19696
003 - CONTROL NUMBER IDENTIFIER
rucl marc code BD-RjUL
005 - DATE AND TIME OF LATEST TRANSACTION
control field 20211209000450.0
008 - FIXED-LENGTH DATA ELEMENTS--GENERAL INFORMATION
fixed length control field 140225t1962 enka 001 0beng d
035 ## - SYSTEM CONTROL NUMBER
System control number (BD-RjUL)19757
040 ## - CATALOGING SOURCE
Original cataloging agency MGC
Transcribing agency MGC
Modifying agency UKM
-- EQO
-- BD-RjUL
Language of cataloging eng
041 ## - LANGUAGE CODE
Language code of text/sound track or separate title eng
082 04 - DEWEY DECIMAL CLASSIFICATION NUMBER
Classification number 824.8
Edition number 18
Author mark and year FOG 1962
090 ## - LOCALLY ASSIGNED LC-TYPE CALL NUMBER (OCLC); LOCAL CALL NUMBER (OCLC)
Classification number (OCLC) (R) ; Classification number, CALL (RLIN) (NR) PR6007.I35
Local cutter number (OCLC) ; Book number/undivided call number, CALL (RLIN) Z7 1962
100 1# - MAIN ENTRY--PERSONAL NAME
Personal name Forster, E. M.
Fuller form of name (Edward Morgan),
Dates associated with a name 1879-1970.
9 (RLIN) 60514
245 10 - TITLE STATEMENT
Title Goldsworthy Lowes Dickinson /
Statement of responsibility, etc. E. M. Forster
250 ## - EDITION STATEMENT
Edition statement Pocket edition
260 ## - PUBLICATION, DISTRIBUTION, ETC. (IMPRINT)
Place of publication, distribution, etc. London :
Name of publisher, distributor, etc. E. Arnold,
Date of publication, distribution, etc. 1962.
300 ## - PHYSICAL DESCRIPTION
Pagination vi, 277 p. :
Illustrations ill. ;
Size 17 cm.
504 ## - BIBLIOGRAPHY, ETC. NOTE
Bibliography, etc Includes bibliographical reference and index
600 10 - SUBJECT ADDED ENTRY--PERSONAL NAME
Personal name Dickinson, G. Lowes
Fuller form of name (Goldsworthy Lowes),
Dates associated with a name 1862-1932
942 ## - ADDED ENTRY ELEMENTS (KOHA)
Source of classification or shelving scheme Dewey Decimal Classification
Koha item type Books
Holdings
Lost status Source of classification or shelving scheme Damaged status Not for loan Collection code Permanent Location Current Location Shelving location Date acquired Source of acquisition Cost, normal purchase price Total Checkouts Full call number Date last seen Copy number Koha item type
  Dewey Decimal Classification   Not For Loan Fiction Central Library, University of Rajshahi Central Library, University of Rajshahi Reading Room 21/03/1964 Zeitlinger 10.60   824.8 FOG 1962 25/02/2014 C-1 Books